Outdoors : (Record no. 17418)
[ view plain ]
| 000 -LEADER | |
|---|---|
| fixed length control field | 00785cam a22002531 4500 |
| 001 - CONTROL NUMBER | |
| control field | 17418 |
| 003 - CONTROL NUMBER IDENTIFIER | |
| rucl marc code | BD-RjUL |
| 005 - DATE AND TIME OF LATEST TRANSACTION | |
| control field | 20211209000133.0 |
| 008 - FIXED-LENGTH DATA ELEMENTS--GENERAL INFORMATION | |
| fixed length control field | 140217s1957 maua j 000 0 eng d |
| 035 ## - SYSTEM CONTROL NUMBER | |
| System control number | (BD-RjUL)17476 |
| System control number | (OCoLC)5062691 |
| 040 ## - CATALOGING SOURCE | |
| Original cataloging agency | DLC |
| Transcribing agency | CLSU |
| Modifying agency | DLC |
| -- | BD-RjUL |
| Language of cataloging | eng |
| 041 ## - LANGUAGE CODE | |
| Language code of text/sound track or separate title | eng |
| 082 ## - DEWEY DECIMAL CLASSIFICATION NUMBER | |
| Classification number | 333.72 |
| Author mark and year | JOO 1957 |
| 100 1# - MAIN ENTRY--PERSONAL NAME | |
| Personal name | Johnson, H. Nat. |
| 9 (RLIN) | 53671 |
| 245 10 - TITLE STATEMENT | |
| Title | Outdoors : |
| Remainder of title | adventures in conservation / |
| Statement of responsibility, etc. | H. Nat Johnson [and] Alice Hermina Poatgieter. |
| 260 ## - PUBLICATION, DISTRIBUTION, ETC. (IMPRINT) | |
| Place of publication, distribution, etc. | Boston : |
| Name of publisher, distributor, etc. | Houghton Mifflin, |
| Date of publication, distribution, etc. | c1957 |
| 300 ## - PHYSICAL DESCRIPTION | |
| Pagination | 185 p. : |
| Illustrations | illus. ; |
| Size | 23 cm. |
| 650 #0 - SUBJECT ADDED ENTRY--TOPICAL TERM | |
| Topical term or geographic name as entry element | Conservation of natural resources |
| General subdivision | Juvenile literature |
| 9 (RLIN) | 53672 |
| 700 1# - ADDED ENTRY--PERSONAL NAME | |
| Personal name | Poatgieter, Alice Hermina, |
| 942 ## - ADDED ENTRY ELEMENTS (KOHA) | |
| Source of classification or shelving scheme | Dewey Decimal Classification |
| Koha item type | Books |
| Lost status | Source of classification or shelving scheme | Damaged status | Not for loan | Collection code | Permanent Location | Current Location | Shelving location | Date acquired | Source of acquisition | Total Checkouts | Full call number | Date last seen | Copy number | Koha item type |
|---|---|---|---|---|---|---|---|---|---|---|---|---|---|---|
| Dewey Decimal Classification | Non-fiction | Central Library, University of Rajshahi | Central Library, University of Rajshahi | 11/04/1967 | U. S. I. S. | 333.72 JOO 1957 | 17/02/2014 | C-2 | Books | |||||
| Dewey Decimal Classification | Not For Loan | Non-fiction | Central Library, University of Rajshahi | Central Library, University of Rajshahi | Reading Room | 11/04/1967 | USA | 333.72 JOO 1957 | 26/01/2020 | C-1 | Books |